Kouření cigaret a nefatální infarkt myokardu ; Sprac. J. T. Kozák

Bibliographic Details
Other Authors: Kozák, J. T. (medicína, pneumológia) (apd)
Format: Article
Language:Czech
ISSN:0371-2222
Subjects:

MARC

LEADER 00000nab a2200000 a 4500
001 vtls000583468
003 SK-MaSNL
005 20260303011144.0
008 220422c1996 xo 0 cze
015 |a SNBRB19rr/mm-uuuuu 
035 |a CL0583607 
040 |a SNKBUCL  |b slo  |c SNKBUCL  |e AACR2 
041 0 |a cze 
044 |a xo  |c SK 
080 |a 616.127-005.8:613.84  |2 1981 
080 |a 613.84  |2 1981 
245 0 0 |a Kouření cigaret a nefatální infarkt myokardu ; Sprac. J. T. Kozák 
500 |a Zo zahraničnej tlače 
650 0 7 |a myokard  |2 snkbucl  |9 14737 
650 0 7 |a infarkt  |2 snkbucl  |9 989437 
650 0 7 |a fajčenie  |2 snkbucl  |9 2509 
655 7 |a články z novín a časopisov  |2 snkbucl  |9 267496 
700 1 |a Kozák, J. T.  |c (medicína, pneumológia)  |4 apd  |9 12071 
773 0 |t Studia pneumologica et phtiseologica  |g Roč. 56, č. 1 (1996), s. 24  |x 0371-2222 
850 |a Slovenská národná knižnica v Martine  |a MTA001 
852 |a SNK  |b KIS3GCP 
958 |a RK 
958 |a ME 
992 |a RBX 
999 |c 1590739  |d 1592669